000 00257nam a22001217a 4500
008 181218b xxu||||| |||| 00| 0 eng d
041 _aeng
080 _a616.8
100 _a7
101 _aDER
245 _aSkin Diseases
_cSharyill, D.E
942 _2udc
_cBK
999 _c53402
_d53402